| 000 | 00493nam a22001937a 4500 | ||
|---|---|---|---|
| 003 | CEME | ||
| 005 | 20210628202744.0 | ||
| 008 | 210125b xxu||||| |||| 00| 0 eng d | ||
| 020 | _a981-53-096-7 | ||
| 040 | _c. | ||
| 082 | _a519.535 AND | ||
| 100 |
_aAnderson, T.W _961451 |
||
| 245 | _aAn introduction to multivariate statistical analysis | ||
| 250 | _a3RD | ||
| 260 |
_aNEW DELHI _bJOHN WILEY _c2003 |
||
| 300 | _aXX,721 P | ||
| 650 |
_aMULTIVARIATE ANALYSIS _9107 |
||
| 942 |
_cBK _2ddc |
||
| 999 |
_c570897 _d570897 |
||